| 000 | 00904nam a2200337 a 4500 | ||
|---|---|---|---|
| 003 | AR-BaBNM | ||
| 005 | 20251128210235.0 | ||
| 008 | 082120s2002 ||||||||||||||000 | spa|| | ||
| 020 | _a950-530-281-9 | ||
| 040 | _cAR-BaBNM | ||
| 100 | 1 | _aFabregat, Antonio Manuel | |
| 245 | 0 | 0 | _aUna escuela que llama a las puertas del siglo XXI |
| 250 | _a1ª ed. | ||
| 260 |
_aBuenos Aires _bGram _c1996 |
||
| 300 |
_a94 p. _bil. |
||
| 504 | _aContiene bibliografía p. 95 | ||
| 650 | 4 | _aORGANIZACION ESCOLAR | |
| 650 | 4 | _aTECNOLOGIA | |
| 650 | 4 | _aCREATIVIDAD | |
| 650 | 4 | _aEVALUACION | |
| 650 | 4 | _aCURRICULO | |
| 653 | _aTRANSFORMACION EDUCATIVA | ||
| 653 | _aEDUCACION INICIAL | ||
| 653 | _aEDUCACION GENERAL BASICA | ||
| 653 | _aEDUCACION POLIMODAL | ||
| 653 | _aPROYECTOS DE AULA | ||
| 653 | _aORIENTACION EDUCATIVA | ||
| 653 | _aTEMAS TRANSVERSALES | ||
| 942 | _cBK | ||
| 998 | _cRaquel | ||
| 999 |
_c14623 _d14623 |
||